00331nam a2200133Ia 4500008004100000020001500041041001200056082001100068100001600079245004800095260003000143300000800173650001600181221030s9999 xx 000 0 und d a8170295858 aEnglish a105.23 aY. Kanetkar 0aUnderstanding Pointers in Ccby Y. Kanetkar bBPB Pub.aNew Delhic1995 a236 aBE Computer